Politics of the Urban crisis (Record no. 408679)

000 -LEADER
fixed length control field 00614cam a22001937a 4500
008 - FIXED-LENGTH DATA ELEMENTS--GENERAL INFORMATION
fixed length control field 180718b1988 xxu||||| |||| 00| 0 eng d
020 ## - INTERNATIONAL STANDARD BOOK NUMBER
International Standard Book Number 0 09 173129 1
082 ## - DEWEY DECIMAL CLASSIFICATION NUMBER
Classification number B7x42 SI35
100 ## - MAIN ENTRY--PERSONAL NAME
Personal name Sills, Andrew
245 ## - TITLE STATEMENT
Title Politics of the Urban crisis
Statement of responsibility, etc. by Andrew Sills, Gillian Taylor and Peter Golding
260 ## - PUBLICATION, DISTRIBUTION, ETC.
Place of publication, distribution, etc. London
Name of publisher, distributor, etc. Hutchinson
Date of publication, distribution, etc. 1988
300 ## - PHYSICAL DESCRIPTION
Extent xi, 180p
650 ## - SUBJECT ADDED ENTRY--TOPICAL TERM
Topical term or geographic name entry element Inner cities - England - Leicester.
650 ## - SUBJECT ADDED ENTRY--TOPICAL TERM
Topical term or geographic name entry element Urban policy - England - Leicester
650 ## - SUBJECT ADDED ENTRY--TOPICAL TERM
Topical term or geographic name entry element Inner cities - Great Britain
650 ## - SUBJECT ADDED ENTRY--TOPICAL TERM
Topical term or geographic name entry element Urban policy - Great Britain
700 ## - ADDED ENTRY--PERSONAL NAME
Personal name Golding, Peter
700 ## - ADDED ENTRY--PERSONAL NAME
Personal name Taylor, Gillian
Holdings
Withdrawn status Lost status Damaged status Not for loan Permanent Location Current Location Date acquired Full call number Barcode Date last seen Price effective from Koha item type
        Indian Institute of Public Administration Indian Institute of Public Administration 2008-12-24 B7x42 SI35 DA5943 2018-07-21 2018-07-21 DA

Powered by Koha